| 000 | 00682cab a2200229 4500 | ||
|---|---|---|---|
| 001 | WB3234-08 | ||
| 008 | 090401t1996 xxu||||| |||| 00| 0 eng d | ||
| 035 | _a(Sirsi) u54688 | ||
| 041 | _aeng | ||
| 245 | _aGolf courses for brownfield sites | ||
| 260 | _c1996 | ||
| 350 | _a0 | ||
| 490 |
_aPlanning Week _v4(36) 5 September 1996, 1(1) |
||
| 520 | _aDescribes a new concept of compact golf courses which can be built on brownfield sites as small as 2.5ha. | ||
| 650 | _aBROWNFIELD SITES | ||
| 650 | _aCOMPACT GOLF COURSES | ||
| 650 | _aGOLF COURSES | ||
| 650 | _aGOLF COURTS INCORPORATED | ||
| 690 | _aPROPERTY-COMMERCIAL PROPERTY | ||
| 942 | _n0 | ||
| 948 | _c04/03/1997 | ||
| 999 |
_c33527 _d33527 |
||